000 00446nam a2200157 i 4500
001 22186
003 ES-MaACL
005 20230906152639.0
007 t|
008 030131n18001899sp ||||1| spa d
100 1 _aRobert, Adrien.
_997798
245 1 0 _aContes fantasques et fantastiques /
_cpar Adrien Robert [seud.].
260 _aParis :
_b[s.n.,
_c185-?] (
_fImp. L. Poupart Davyd)
300 _a148 p. ;
_c26 cm.
852 _aES-MaACL
_jC-1719
999 _c22186
_d22186